[Event "Chioggia op-C 10th"]
[Site "Chioggia"]
[Date "2015.10.11"]
[Round "5"]
[White "Mattei, Gabriele"]
[Black "Ureche, Serafim"]
[Result "0-1"]
[WhiteElo "1440"]
[BlackElo "1440"]
[PlyCount "126"]
[EventDate "2015.10.09"]
[EventType "swiss"]
[EventRounds "5"]
[EventCountry "ITA"]
[SourceTitle "EXT 2022"]
[Source "ChessBase"]
[SourceDate "2021.10.06"]
[SourceVersion "1"]
[SourceVersionDate "2021.10.06"]
[SourceQuality "1"]

1. e4 e5 2. Nf3 Nc6 3. Bc4 Bc5 4. Ng5 Qxg5 5. d3 Qf6 6. 0-0 d6 7. Nc3 Qg6 8. Na4 Bb4 9. Qf3 Nh6 10. Bb5 Bg4 11. Qg3 0-0 12. f3 Nd4 13. fxg4 Ne2+ 14. Kf2 Nxg3 15. Kxg3 Qxg4+ 16. Kf2 Bc5+ 17. d4 Bxd4+ 18. Ke1 Qxe4+ 19. Be2 Qxc2 20. Bd1 Qe4+ 21. Kd2 Qxg2+ 22. Be2 Qxh2 23. b3 Bxa1 24. Bb2 Bxb2 25. Nxb2 Ng4 26. Nc4 b6 27. a4 a5 28. b4 axb4 29. a5 bxa5 30. Ke1 Nf6 31. Nd2 a4 32. Nf3 Qh6 33. Kf2 b3 34. Rc1 Qxc1 35. Nh2 Ne4+ 36. Kf3 d5 37. Ng4 f6 38. Nf2 Ra5 39. Nd3 Nd2+ 40. Ke3 Nc4+ 41. Kf2 e4 42. Nxc1 b2 43. Na2 b1Q 44. Nc3 Qb4 45. Na2 Qa3 46. Nb4 Re8 47. Nc6 Rb5 48. Nd4 Rb1 49. Nc2 Qc3 50. Ne3 Qe1+ 51. Kg2 Nxe3+ 52. Kh3 Qh1+ 53. Kg3 Rg1+ 54. Kf2 Qh2+ 55. Kxe3 Qh3+ 56. Kf2 Rg3 57. Bf1 e3+ 58. Ke1 Qh2 59. Be2 Rb8 60. Kd1 Rb1+ 61. Kc2 Rgg1 62. Kd3 Rb2 63. Bf3 Qd2# 0-1

[Event "Chioggia op-C 10th"]
[Site "Chioggia"]
[Date "2015.10.11"]
[Round "4"]
[White "Ureche, Serafim"]
[Black "Ardizzon, Luca"]
[Result "0-1"]
[WhiteElo "1440"]
[BlackElo "1440"]
[PlyCount "80"]
[EventDate "2015.10.09"]
[EventType "swiss"]
[EventRounds "5"]
[EventCountry "ITA"]
[SourceTitle "EXT 2022"]
[Source "ChessBase"]
[SourceDate "2021.10.06"]
[SourceVersion "1"]
[SourceVersionDate "2021.10.06"]
[SourceQuality "1"]

1. e4 e5 2. Nf3 Nc6 3. d3 h6 4. Nc3 Bb4 5. a3 Bxc3+ 6. bxc3 d6 7. h3 Nf6 8. d4 exd4 9. cxd4 d5 10. e5 Ne4 11. Be3 0-0 12. Bd3 f5 13. g4 a5 14. 0-0 a4 15. c4 Rf7 16. cxd5 Qxd5 17. gxf5 Bxf5 18. Nh4 g6 19. Qf3 Raf8 20. Qg2 g5 21. f3 Rd8 22. fxe4 Bxh3 23. Qxh3 Rxf1+ 24. Kxf1 Qf7+ 25. Ke2 gxh4 26. Rf1 Qh5+ 27. Rf3 Rxd4 28. Qg2+ Kh7 29. e6 h3 30. e5+ Kh8 31. Qg1 h2 32. Qh1 Rd8 33. Kd1 Rf8 34. Be2 Rd8+ 35. Bd2 Nd4 36. Rf7 Qxe2+ 37. Kc1 Nb3+ 38. Kc2 Rxd2+ 39. Kc3 Qxe5+ 40. Kc4 Qc5# 0-1